Les 10 villes les plus peuplées du Cher (18) - Statistiques

Statistiques générales
  • Ce quiz a été pris 34 fois
  • Le résultat moyen est 4 sur 10
Statistiques - réponses
Population Communes % Correct
64 200 Bourges
100%
25 300 Vierzon
91%
9 700 Saint-Amand-Montrond
52%
9 700 Saint-Doulchard
42%
6 400 Saint-Florent-sur-Cher
36%
6 400 Mehun-sur-Yèvre
27%
5 500 Aubigny-sur-Nère
24%
4 900 Saint-Germain-du-Puy
24%
3 700 La Chapelle-Saint-Ursin
21%
4 000 Trouy
18%
Aucun quiz correspondant
Distribution des résultats
% des personnes avec chaque résultat
Percentile par nombre de réponses
Votre historique - résultats
Vous n’avez pas pris ce quiz